00473nam a2200193 a 4500001001300000003000900013005001700022008004100039020001000080082001700090100001700107245001800124260004400142300000800186500003500194505001000229650002300239700001700262nice12345678IN_TiNIC20260116012418.0050524s1981 boma grp 000 0 eng  ac10000a220.601bDOD aDodd, Norman aHermeneutics. aBombaybGospel Literature Servicec1981 a59p aincludes index and biblioraphy2 aindex aBible-Commentaries1 aDodd, Norman